000
00343nam a2200145Ia 4500
008
240624s9999 xx 000 0 und d
041
_a
eng
082
_a
332.6457 KUM
100
_a
KUMAR S S S
245
_a
FINANCIAL DERIVATIVES
250
_a
(2nd ed.)
260
_c
2011
_a
New Delhi
_b
PHI Learning
300
_a
428 : p.
365
_c
RS
_b
30
999
_c
20199
_d
20199